[Event "Mitropa Cup 18th"]
[Site "Portoroz"]
[Date "1998.??.??"]
[Round "3"]
[White "Stohl, Igor"]
[Black "Kindermann, Stefan"]
[Result "1-0"]
[WhiteElo "2550"]
[BlackElo "2565"]
[Annotator "Stohl,I"]
[PlyCount "53"]
[EventDate "1998.07.??"]
[EventType "team-tourn"]
[EventRounds "9"]
[EventCountry "SLO"]
[Source "ChessBase"]
[SourceDate "1998.09.30"]

1. d4 f5 2. g3 Nf6 3. Bg2 g6 4. b3 {A valid alternative to the more common} (4.
Nf3 Bg7 5. c4 O-O 6. O-O d6 7. Nc3 Qe8) 4... Bg7 5. Bb2 d6 6. Nf3 O-O 7. O-O
Ne4 $5 {An active move, which has, however, peaceful intentions.} ({More
complicated, but also more risky is} 7... c6 8. c4 Qe8 9. Nbd2 Na6 10. Qc2 h6
11. Rae1 $14) 8. Nbd2 Nxd2 (8... Nc6 9. Ne1 $5 Nxd2 (9... d5 $143 $6 10. Ndf3
f4 11. Nd3 g5 12. c4 e6 13. Rc1 Ne7 14. Nd2 Nd6 15. e3 fxe3 16. fxe3 Ndf5 17.
Qe2 Ng6 18. Nf3 c6 19. e4 Nd6 20. Nfe5 dxe4 21. Rxf8+ Nxf8 22. Bxe4 Nf5 23. Rf1
Qe7 24. Nxc6 bxc6 25. Bxf5 Qd6 26. Be4 Bxd4+ 27. Bxd4 Qxd4+ 28. Qf2 Qxf2+ 29.
Rxf2 Bd7 30. Ne5 Rc8 31. Rf7 {1-0,Lputian,S-Gurevich,M/URS-chYM Jurmala/1983/})
10. Qxd2 {-8...Nd2.}) 9. Qxd2 Nc6 10. Ne1 $1 {An interesting move, which is
undoubtedly more ambitious than the insipid} (10. c4 $143 $6 e5 11. dxe5 dxe5
12. Qd5+ Kh8 13. Qxd8 (13. e4 Qe7 14. exf5 Rd8 15. Qe4 Bxf5 16. Qh4 Bf6 17. Qh6
Bg7 18. Qg5 Bf6 19. Qh6 Bg7 20. Qc1 Nb4 21. Qg5 Re8 22. Bc3 a5 23. Qxe7 Rxe7
24. Rfd1 e4 25. Bxg7+ Kxg7 26. Nd4 Kf6 27. a3 Nd3 28. Nc2 $13 {1/2,Dreev,
A-Kindermann,S/Biel/1995/}) 13... Rxd8 14. Ng5 Rd2 15. Bc3 Rc2 16. Rac1 Rxc1
17. Rxc1 e4 18. f3 (18. Kf1 Nd4 19. Rd1 Ne6 20. Nf7+ Kg8 21. Ne5 b6 22. f4 Bb7
23. e3 Rd8 24. Rxd8+ Nxd8 25. Ke2 Nf7 26. Nxf7 Kxf7 $11 {1/2,Ftacnik,
L-Kindermann,S/BL/1996/}) (18. Bxg7+ Kxg7 19. f3 h6 20. Nh3 exf3 21. exf3 $11 {
1/2,Smejkal,J-Kindermann,S/BL/1995/}) 18... Nd4 19. Kf2 exf3 20. exf3 h6 21.
Nh3 Be6 22. Nf4 Bf7 23. Rd1 Rd8 24. Ne2 Nc6 25. Rxd8+ Nxd8 26. f4 Bxc3 27. Nxc3
c6 28. Ke3 Kg7 29. Kd4 Kf6 30. Ne2 Ne6+ $11 {Van Wely,L-Kindermann,S/Horgen-B/
1995/}) (10. b4 $5) (10. Rad1 Qe8 11. Ba3 $5 Kh8 12. d5 Nd8 13. c4 e5 14. dxe6
Nxe6 15. Bb2 Qe7 16. Rfe1 Bd7 $6 17. Ne5 Bc8 18. Nd3 Ng5 19. Bxg7+ Kxg7 20. Nf4
Ne4 21. Qe3 Qe5 22. Nd5 Rf7 23. f4 Qe6 24. Bxe4 $1 $40 {Makarov,M-Lane,G/
Cappelle la Grande op/1997/}) 10... Qe8 {Logical.} (10... e5 $6 11. Bxc6 bxc6
12. dxe5 dxe5 13. Nd3 $1 e4 14. Bxg7 Kxg7 15. Qc3+ Qf6 16. Qxf6+ Kxf6 17. Nc5
Be6 18. Rfd1 $18 {[%csl Ra7,Rc6,Rc7,Re6] 1-0 Kolev,A-Danailov,S/Zaragoza op
1994 (33) _|_,ק,Be6}) (10... Bd7 11. Rd1 $14 {and Black can't advantageously
realize the freeing e5.}) 11. f4 $5 {[%csl Gc4,Gd5,Ge4][%cal Yd4d5,Yc2c4,Ye2e4]
} (11. e4 $143 fxe4 12. Bxe4 e5 13. dxe5 Bxe5 $10 {<=>}) 11... e5 $5 {Risky,
but necessary. Otherwise White gets in c4,d5,e4 with full central control.} 12.
Bd5+ $1 (12. fxe5 dxe5 13. d5 Ne7 (13... Nd8 $5 14. e4 Nf7 $13) 14. e4 fxe4 15.
Rxf8+ Qxf8 16. Bxe4 Bf5 $132 {and White misses a tempo (Nd3,Re1) to gain a
substantial edge.}) (12. dxe5 $6 dxe5 13. Nd3 (13. Bd5+ Be6 $1 $15) 13... e4 {
[%csl Rg2] ץg2}) 12... Kh8 (12... Be6 $2 13. Bxe6+ Qxe6 14. d5 $18) 13. dxe5
dxe5 14. Nd3 (14. Nf3 $5) 14... exf4 $8 (14... e4 $143 $2 15. Bxg7+ Kxg7 16.
Qc3+ Rf6 17. Ne5 $1 {+/-/+-}) 15. Bxg7+ Kxg7 16. Qxf4 $5 $36 {[%csl Rg7][%cal
Ga1h8] עg7,/^a1-h8} ({Weaker is the tempting} 16. Qc3+ Rf6 17. Rxf4 (17. Nxf4
Qe5 $11) (17. gxf4 Qe3+ 18. Kh1 Qd4 $15) 17... Qe3+ 18. Kh1 Bd7 {[%cal Ya8e8] /
\Re8 and there is no clear way for White to exploit the pin on the long
diagonal.}) 16... Qe7 17. e4 $1 (17. Bxc6 $5 bxc6 18. Qd4+ (18. Qe5+ Qxe5 19.
Nxe5 Re8 20. Nxc6 Rxe2 $11) 18... Kg8 19. Qc4+ Be6 $5 (19... Qe6 20. Qxe6+ Bxe6
21. Nc5 Rfe8 22. e4 $14) 20. Qxc6 Rad8 $44) 17... Nd8 $2 {Probably the
decisive mistake.} (17... fxe4 18. Qxf8+ Qxf8 19. Rxf8 Kxf8 20. Rf1+ Ke8 (20...
Ke7 21. Rf7+ Ke8 22. Nf4 $18 {/\Rh7->}) 21. Bxc6+ bxc6 22. Re1 Bf5 23. g4 $1
$36 {[%csl Ra7,Rc6,Rc7] _|_ק}) (17... Nd4 $142 $5 18. Rae1 (18. Qf2 Qf6 $1 {/\
} 19. e5 Qb6 $13) 18... Nxc2 19. Rc1 Nd4 20. Qxc7 (20. Rxc7 $2 Ne2+ 21. Kh1
Nxf4 22. Rxe7+ Kf6) 20... Bd7 $132 {[%cal Rd4e2] /\Ne2}) 18. exf5 (18. Rae1
$143 $6 fxe4 $10) 18... Rxf5 19. Rae1 $1 (19. Rfe1 $2 Qxe1+ 20. Rxe1 Rxf4 21.
Nxf4 $32 Kf8 $1 {[%cal Yc7c6] /\c6=}) 19... Be6 (19... Qxe1 $2 20. Qd4+ $18)
20. Qe4 $1 ({The "natural"} 20. Qd4+ $6 Qf6 21. Qxf6+ Rxf6 $1 {enables Black
advantageous simplification. Here again we see (compare note to 16.Qf4!?) that
White quite often has a more  incisive continuation than a tempting check on
the a1-h8 diagonal. (which always stays in the reserve)} (21... Kxf6 $6 22. Nf4
$1 $16)) 20... Rxf1+ (20... Rxd5 $2 21. Qxd5 $18) 21. Rxf1 {White has a lead
in development, thanks to the passive Ra8 his K-side attack will quickly
become decisive.} c6 $8 22. Bxe6 Qxe6 (22... Nxe6 23. Re1 $1 (23. Qe5+ $2 Kg8
24. Re1 Kf7 $1 {/\} 25. Nf4 Qc5+ $11) 23... Re8 24. Nf4 Qc5+ (24... Kf7 25.
Nxe6 Qxe6 26. Qf4+ Qf5 27. Qc7+ {[%cal Re1f1] /\Rf1}) 25. Kh1 Nxf4 (25... Nc7
26. Qxe8 $1 Nxe8 27. Ne6+ $18) 26. Qxe8 Qd5+ 27. Qe4 $18) 23. Qd4+ Kg8 24. Ne5
(24. Nc5 $5 $40) 24... Qe7 $138 (24... Qd5 $142 25. Qxd5+ (25. Qf4 Qc5+) 25...
cxd5 26. Rd1 $16) 25. Ng4 (25. Nd7 Ne6 26. Nf6+ Kg7 $1 $132 {is unconvincing.})
25... h6 $2 ({Even the best defense is insufficient:} 25... Qg7 26. Qe3 $1 Nf7
27. Nf6+ Kh8 (27... Kf8 $2 28. Qc5+) 28. Ne8 Qf8 (28... Qe5 $2 29. Qxe5+) 29.
Nc7 $1 {A beautiful move, White needs his N on e6, not f6.} Rc8 30. Ne6 Qh6 31.
Qf2 $1 (31. Qd4+ Kg8 32. Rxf7 Kxf7 33. Qd7+ Kf6 34. Qxc8 Qe3+) 31... Re8 (31...
Ng5 32. Qf6+) (31... Nd6 32. Qd4+) 32. Qf6+ $1 $18 (32. Qxf7 $2 Qe3+)) (25...
Nf7 26. Nf6+ Kh8 27. Ne8+ Ne5 28. Qxe5+ $1 Qxe5 29. Rf8#) 26. Nf6+ Kh8 27. Nd5+
(27. Nd5+ Qg7 28. Rf8+ Kh7 29. Nf6+) 1-0

[Event "Mitropa Cup 18th"]
[Site "Portoroz"]
[Date "1998.??.??"]
[Round "3"]
[White "Tabernig, Bernhard"]
[Black "Medvegy, Nora"]
[Result "1/2-1/2"]
[WhiteElo "2330"]
[BlackElo "2325"]
[PlyCount "120"]
[EventDate "1998.07.??"]
[EventType "team-tourn"]
[EventRounds "9"]
[EventCountry "SLO"]
[Source "ChessBase"]
[SourceDate "1998.11.10"]

1. d4 Nf6 2. c4 e6 3. g3 Bb4+ 4. Bd2 Be7 5. Bg2 O-O 6. Nf3 d5 7. O-O Nbd7 8. c5
e5 9. Nxe5 Nxe5 10. dxe5 Ng4 11. Bc3 Bxc5 12. Qxd5 Qxd5 13. Bxd5 Re8 14. Nd2
Nxe5 15. Ne4 Bb6 16. Kg2 h6 17. Rad1 Nc6 18. f3 Ne7 19. Bb3 Nf5 20. Bd2 Nd4 21.
Ba4 c6 22. e3 Nf5 23. g4 Ne7 24. Nd6 Rd8 25. Nxc8 Raxc8 26. e4 Bd4 27. Bc1 b5
28. Bc2 c5 29. f4 Nc6 30. e5 Nb4 31. Bf5 Rc6 32. a3 Nd5 33. Be4 Rcc8 34. Kf3
Nb6 35. Bf5 Rb8 36. e6 f6 37. Bg6 Kf8 38. h4 Ke7 39. f5 Nc4 40. Ke4 Ne5 41. Bh5
b4 42. g5 hxg5 43. hxg5 bxa3 44. gxf6+ gxf6 45. bxa3 Rb3 46. Be2 Rg8 47. Bf4
Rg2 48. Bf3 Nxf3 49. Rxf3 Re2+ 50. Kd5 Rxf3 51. Bd6+ Kd8 52. Rh1 Rxf5+ 53. Kc6
Rxe6 54. Rh8+ Re8 55. Rh7 Re6 56. Rh8+ Re8 57. Rh7 Rg8 58. Rd7+ Ke8 59. Re7+
Kf8 60. Rh7+ Ke8 1/2-1/2

[Event "Mitropa Cup 18th"]
[Site "Portoroz"]
[Date "1998.??.??"]
[Round "3"]
[White "Votava, Jan"]
[Black "Touzane, Olivier"]
[Result "1-0"]
[WhiteElo "2510"]
[BlackElo "2350"]
[PlyCount "59"]
[EventDate "1998.07.??"]
[EventType "team-tourn"]
[EventRounds "9"]
[EventCountry "SLO"]
[Source "ChessBase"]
[SourceDate "1998.11.10"]

1. d4 Nf6 2. c4 g6 3. Nc3 Bg7 4. e4 d6 5. f3 O-O 6. Be3 e5 7. Nge2 c6 8. Qd2
Nbd7 9. O-O-O a6 10. Kb1 b5 11. Nc1 Rb8 12. Nb3 bxc4 13. Bxc4 a5 14. Be2 exd4
15. Bxd4 c5 16. Be3 Rb4 17. Qxd6 c4 18. Nc5 Nd5 19. Qxd5 Bxc3 20. b3 cxb3 21.
a3 Rb8 22. Nxd7 Bxd7 23. Qxd7 Qf6 24. Qd6 Qh4 25. h3 Rbd8 26. g3 Qh5 27. Qxd8
Rxd8 28. Rxd8+ Kg7 29. Rd5 f5 30. Rc1 1-0

[Event "Mitropa Cup 18th"]
[Site "Portoroz"]
[Date "1998.??.??"]
[Round "3"]
[White "Zelcic, Robert"]
[Black "Forster, Richard"]
[Result "1-0"]
[WhiteElo "2585"]
[BlackElo "2475"]
[PlyCount "53"]
[EventDate "1998.07.??"]
[EventType "team-tourn"]
[EventRounds "9"]
[EventCountry "SLO"]
[Source "ChessBase"]
[SourceDate "1998.11.10"]

1. e4 c5 2. Nf3 d6 3. d4 cxd4 4. Nxd4 Nf6 5. Nc3 g6 6. Be3 Bg7 7. f3 Nc6 8. Qd2
O-O 9. Bc4 Bd7 10. O-O-O Qa5 11. Kb1 Rfc8 12. Bb3 Ne5 13. h4 b5 14. Ncxb5 Qd8
15. Bh6 Bh8 16. h5 Nxh5 17. Rxh5 a6 18. Nxd6 exd6 19. Bg5 Qb6 20. Rxh7 Kxh7 21.
Rh1+ Kg8 22. Rxh8+ Kxh8 23. Bf6+ Kh7 24. Qg5 Nxf3 25. gxf3 Rc5 26. Bd5 Rxd5 27.
exd5 1-0

[Event "Mitropa Cup 18th"]
[Site "Portoroz"]
[Date "1998.??.??"]
[Round "4"]
[White "Ellers, Holger"]
[Black "Tabernig, Bernhard"]
[Result "1/2-1/2"]
[WhiteElo "2425"]
[BlackElo "2330"]
[PlyCount "115"]
[EventDate "1998.07.??"]
[EventType "team-tourn"]
[EventRounds "9"]
[EventCountry "SLO"]
[Source "ChessBase"]
[SourceDate "1998.11.10"]

1. d4 d5 2. Nf3 c6 3. c4 e6 4. Nc3 dxc4 5. e3 b5 6. a4 Bb4 7. Bd2 a5 8. axb5
Bxc3 9. Bxc3 cxb5 10. b3 Bb7 11. bxc4 b4 12. Bb2 Nf6 13. Bd3 Nbd7 14. O-O Qc7
15. Re1 O-O 16. e4 e5 17. Rc1 exd4 18. c5 Ne5 19. Nxd4 Nxd3 20. Qxd3 Ng4 21. e5
Rfd8 22. Qg3 Rxd4 23. Bxd4 Nh6 24. Qg5 Bd5 25. e6 fxe6 26. Be5 Qf7 27. c6 Qf8
28. c7 Rc8 29. Qd2 Nf5 30. f3 a4 31. Re4 Bxe4 32. fxe4 Nh4 33. Bd6 Qf3 34. Rf1
Qxe4 35. Bxb4 Qa8 36. Rf8+ Rxf8 37. Bxf8 Qa7+ 38. Qf2 Qxc7 39. Qxh4 Qc1+ 40.
Kf2 Qc2+ 41. Ke3 Kxf8 42. Qd8+ Kf7 43. Qd7+ Kf6 44. Qd8+ Kf5 45. Qf8+ Kg6 46.
Qe8+ Kg5 47. Qe7+ Kh6 48. Qxe6+ Qg6 49. Qh3+ Qh5 50. Qe6+ g6 51. Qd6 Qg5+ 52.
Kf3 Qf5+ 53. Kg3 Qe4 54. h4 Kg7 55. Qd7+ Kf6 56. Qd6+ Kf5 57. Qf8+ Ke5 58. Qe8+
1/2-1/2

[Event "Mitropa Cup 18th"]
[Site "Portoroz"]
[Date "1998.??.??"]
[Round "4"]
[White "Forster, Richard"]
[Black "Babula, Vlastimil"]
[Result "0-1"]
[WhiteElo "2475"]
[BlackElo "2575"]
[PlyCount "88"]
[EventDate "1998.07.??"]
[EventType "team-tourn"]
[EventRounds "9"]
[EventCountry "SLO"]
[Source "ChessBase"]
[SourceDate "1998.11.10"]

1. Nf3 Nf6 2. g3 g6 3. b3 Bg7 4. Bb2 O-O 5. Bg2 d6 6. d4 e5 7. dxe5 Nfd7 8. O-O
dxe5 9. Qc1 Na6 10. Rd1 Re8 11. Na3 Qe7 12. Nc4 f6 13. a4 Ndc5 14. Ba3 Qf7 15.
Qe3 Bf8 16. Nfd2 Be6 17. Ne4 Nxe4 18. Bxe4 Bxc4 19. Bxb7 Bxa3 20. Rxa3 Rab8 21.
Bc6 Be6 22. Bxe8 Qxe8 23. Qxa7 Qc6 24. Raa1 Ra8 25. Qe3 Qxc2 26. Rd3 Qc5 27.
Qf3 Rf8 28. Rc3 Qd4 29. Rac1 Bd5 30. e3 Bxf3 31. exd4 Bd5 32. dxe5 Rb8 33. exf6
Kf7 34. Rd1 Rxb3 35. Rcc1 c6 36. Rd4 Ra3 37. Rb1 Nc5 38. Rh4 h5 39. Rc1 Ne4 40.
f4 Kxf6 41. g4 Nd2 42. Kf2 Ra2 43. Ke3 Nf3 44. Rh3 Nxh2 0-1

[Event "Mitropa Cup 18th"]
[Site "Portoroz"]
[Date "1998.??.??"]
[Round "4"]
[White "Grosar, Aljosa"]
[Black "Benitah, Yohan"]
[Result "1-0"]
[WhiteElo "2450"]
[BlackElo "2345"]
[PlyCount "83"]
[EventDate "1998.07.??"]
[EventType "team-tourn"]
[EventRounds "9"]
[EventCountry "SLO"]
[Source "ChessBase"]
[SourceDate "1998.11.10"]

1. e4 e6 2. d4 d5 3. e5 c5 4. c3 Nc6 5. Nf3 Bd7 6. Be2 Nh6 7. O-O Rc8 8. Re1
Qb6 9. Bxh6 gxh6 10. Qd2 Na5 11. Na3 cxd4 12. Nxd4 Nc6 13. Nf3 a6 14. Nc2 Na5
15. Ne3 Bb5 16. Ng4 Bxe2 17. Rxe2 Bg7 18. Nxh6 Qd8 19. Qf4 Qe7 20. Rd1 Nc6 21.
h3 Nb8 22. Nd4 Rc4 23. Rd3 Nc6 24. Ng4 Kf8 25. Nh6 Ke8 26. Ng4 Kf8 27. b3 Nxd4
28. cxd4 Rc6 29. Rg3 Qh4 30. Rf3 Qe7 31. Nh6 Rc7 32. Kh2 Ke8 33. Ree3 Rf8 34.
Rc3 Rxc3 35. Rxc3 Kd7 36. Qc1 Qd8 37. Rc5 f6 38. Nf5 Bh8 39. Qh6 Rf7 40. Nd6
Re7 41. Rc8 Qb6 42. Rxh8 1-0

[Event "Mitropa Cup 18th"]
[Site "Portoroz"]
[Date "1998.??.??"]
[Round "4"]
[White "Kalod, Radek"]
[Black "Zueger, Beat"]
[Result "1/2-1/2"]
[WhiteElo "2435"]
[BlackElo "2425"]
[PlyCount "104"]
[EventDate "1998.07.??"]
[EventType "team-tourn"]
[EventRounds "9"]
[EventCountry "SLO"]
[Source "ChessBase"]
[SourceDate "1998.11.10"]

1. e4 e6 2. d4 d5 3. e5 c5 4. c3 Nc6 5. Nf3 Bd7 6. a3 Nge7 7. b4 cxd4 8. cxd4
Nf5 9. Be3 Nxe3 10. fxe3 g6 11. Bd3 Bh6 12. Qe2 f6 13. exf6 Qxf6 14. O-O O-O
15. Nc3 Qe7 16. Rae1 Rac8 17. Qb2 a6 18. Qb3 b5 19. Rf2 Kh8 20. Bf1 Qg7 21. Nd1
Rce8 22. Qc3 e5 23. Rfe2 Rc8 24. Qb2 Bg4 25. Rf2 e4 26. h3 Bh5 27. g4 exf3 28.
Rh2 g5 29. gxh5 g4 30. hxg4 Qxg4+ 31. Kh1 Rg8 32. Bh3 Qg3 33. Rf1 Rcf8 34. Qf2
Qd6 35. Nc3 Rg5 36. e4 Ne7 37. e5 Qc7 38. Nb1 Qb6 39. Nd2 Rxh5 40. Nxf3 Ng6 41.
Qg3 Rg8 42. Bg4 Bf4 43. Qf2 Rxh2+ 44. Nxh2 Bxh2 45. Kxh2 Nxe5 46. dxe5 Qxf2+
47. Rxf2 Rxg4 48. Rf6 Re4 49. Rxa6 Rxe5 50. Rb6 d4 51. Rd6 Re3 52. Rxd4 Rxa3
1/2-1/2

[Event "Mitropa Cup 18th"]
[Site "Portoroz"]
[Date "1998.??.??"]
[Round "4"]
[White "Kovacevic, Vlatko"]
[Black "Petran, Peter"]
[Result "1/2-1/2"]
[WhiteElo "2520"]
[BlackElo "2420"]
[PlyCount "116"]
[EventDate "1998.07.??"]
[EventType "team-tourn"]
[EventRounds "9"]
[EventCountry "SLO"]
[Source "ChessBase"]
[SourceDate "1998.11.10"]

1. d4 g6 2. c3 Bg7 3. Bg5 d6 4. e3 Nd7 5. Nf3 Ngf6 6. a4 O-O 7. Be2 a6 8. a5 b5
9. axb6 cxb6 10. c4 Ne4 11. Bh4 Bb7 12. O-O Ndf6 13. Bxf6 Bxf6 14. Nfd2 Nxd2
15. Qxd2 Bg7 16. Nc3 Qc7 17. Rfc1 e6 18. Bd3 f5 19. Qe2 Qd8 20. Rd1 Qg5 21. f4
Qe7 22. Qf2 e5 23. Be2 exd4 24. exd4 d5 25. Nxd5 Bxd5 26. cxd5 b5 27. Bf3 Qd6
28. g3 Rac8 29. Kg2 Rfe8 30. Re1 Qb4 31. Rxe8+ Rxe8 32. Rxa6 Bxd4 33. Qc2 Qxb2
34. Qxb2 Bxb2 35. d6 Rd8 36. g4 fxg4 37. Bxg4 Bd4 38. Kf3 Bc5 39. d7 b4 40. Rc6
Be7 41. Ke4 Kf7 42. Kd5 Bf8 43. Rb6 Be7 44. Kc6 Bf8 45. Kc7 Be7 46. Bf3 Rf8 47.
Bd5+ Kg7 48. Re6 Bd8+ 49. Kc8 Bh4+ 50. Re8 Rxf4 51. d8=Q Bxd8 52. Rxd8 Rh4 53.
Rd7+ Kf6 54. Bg8 Rxh2 55. Bxh7 b3 56. Rb7 b2 57. Rb6+ Kg7 58. Bxg6 Rh6 1/2-1/2

[Event "Mitropa Cup 18th"]
[Site "Portoroz"]
[Date "1998.??.??"]
[Round "4"]
[White "Lehner, Oliver"]
[Black "Kindermann, Stefan"]
[Result "0-1"]
[WhiteElo "2415"]
[BlackElo "2540"]
[PlyCount "118"]
[EventDate "1998.07.??"]
[EventType "team-tourn"]
[EventRounds "9"]
[EventCountry "SLO"]
[Source "ChessBase"]
[SourceDate "1998.11.10"]

1. d4 Nf6 2. c4 g6 3. Nc3 Bg7 4. Nf3 O-O 5. Bg5 d6 6. e3 c5 7. Be2 cxd4 8. exd4
h6 9. Bf4 d5 10. Ne5 Nc6 11. Nxc6 bxc6 12. c5 Nd7 13. O-O e5 14. dxe5 Nxe5 15.
Qd2 Qh4 16. g3 Qf6 17. Rfe1 g5 18. Bxe5 Qxe5 19. Rac1 Rb8 20. b3 Qd4 21. Qxd4
Bxd4 22. Bd3 Bh3 23. Ne2 Bf6 24. Rb1 a5 25. a3 Rb7 26. b4 axb4 27. axb4 Rfb8
28. b5 cxb5 29. c6 Rb6 30. Rec1 b4 31. Rc5 Be7 32. Rxd5 Rxc6 33. Nd4 Rc3 34.
Be4 Rbc8 35. Nf5 Rc1+ 36. Rd1 Rxd1+ 37. Rxd1 Bf8 38. f3 h5 39. Kf2 Bc5+ 40. Ke2
b3 41. Rb1 Rb8 42. Kd3 b2 43. Kc2 Ba3 44. Rd1 Rb5 45. g4 hxg4 46. fxg4 Bf8 47.
Bf3 Rb4 48. Rg1 Bc5 49. Re1 Kh7 50. Ng3 Bf2 51. Rh1 Bxg4 52. Bxg4 Rxg4 53. Kxb2
Bxg3 54. hxg3+ Kg6 55. Rh3 Kf5 56. Kc3 Ke4 57. Kd2 Kf3 58. Rh7 Rd4+ 59. Ke1 f5
0-1

[Event "Mitropa Cup 18th"]
[Site "Portoroz"]
[Date "1998.??.??"]
[Round "4"]
[White "Luther, Thomas"]
[Black "Baumegger, Siegfried"]
[Result "1/2-1/2"]
[WhiteElo "2560"]
[BlackElo "2360"]
[PlyCount "69"]
[EventDate "1998.07.??"]
[EventType "team-tourn"]
[EventRounds "9"]
[EventCountry "SLO"]
[Source "ChessBase"]
[SourceDate "1998.11.10"]

1. e4 e6 2. d4 d5 3. Nd2 c5 4. exd5 Qxd5 5. Ngf3 cxd4 6. Bc4 Qd6 7. O-O Nf6 8.
Nb3 Nc6 9. Nbxd4 Nxd4 10. Nxd4 a6 11. b3 Be7 12. Bb2 O-O 13. a4 Qc7 14. Qe2 Bd7
15. Rad1 Rfe8 16. Nf3 b5 17. axb5 Bxb5 18. Ne5 Nd5 19. Bxb5 axb5 20. c4 bxc4
21. bxc4 Nf6 22. h3 Qb7 23. Bd4 Rec8 24. Rfe1 Bc5 25. Rb1 Qa6 26. Qe3 Bxd4 27.
Qxd4 Rd8 28. Qe3 Nd7 29. c5 Nxe5 30. Qxe5 Rac8 31. Red1 Rxd1+ 32. Rxd1 h6 33.
Rb1 Qa7 34. Rc1 Qc7 35. Qc3 1/2-1/2

[Event "Mitropa Cup 18th"]
[Site "Portoroz"]
[Date "1998.??.??"]
[Round "4"]
[White "Mohr, Georg"]
[Black "Touzane, Olivier"]
[Result "1/2-1/2"]
[WhiteElo "2470"]
[BlackElo "2350"]
[PlyCount "34"]
[EventDate "1998.07.??"]
[EventType "team-tourn"]
[EventRounds "9"]
[EventCountry "SLO"]
[Source "ChessBase"]
[SourceDate "1998.11.10"]

1. e4 c5 2. Nf3 d6 3. c3 Nf6 4. Bd3 Nc6 5. Bc2 Bg4 6. h3 Bxf3 7. Qxf3 g6 8. O-O
Bg7 9. a3 Rc8 10. b4 O-O 11. bxc5 dxc5 12. Qe2 Nh5 13. a4 Nb4 14. d3 Qd6 15.
Ra3 Nxc2 16. Qxc2 Rfd8 17. c4 Nf4 1/2-1/2

[Event "Mitropa Cup 18th"]
[Site "Portoroz"]
[Date "1998.??.??"]
[Round "4"]
[White "Olivier, Jean Christophe"]
[Black "Pavasovic, Dusko"]
[Result "1/2-1/2"]
[WhiteElo "2360"]
[BlackElo "2475"]
[PlyCount "87"]
[EventDate "1998.07.??"]
[EventType "team-tourn"]
[EventRounds "9"]
[EventCountry "SLO"]
[Source "ChessBase"]
[SourceDate "1998.11.10"]

1. e4 c5 2. Nf3 d6 3. d4 cxd4 4. Nxd4 Nf6 5. Nc3 a6 6. Bc4 e6 7. O-O b5 8. Bb3
b4 9. Na4 Bd7 10. f4 Nc6 11. e5 dxe5 12. fxe5 Nxe5 13. Qe2 Bd6 14. Bf4 Qc7 15.
Rae1 Neg4 16. Nxe6 Bxe6 17. Bxe6 Bxf4 18. Bxg4+ Kf8 19. h3 Re8 20. Qf3 Rxe1 21.
Rxe1 g5 22. g3 h5 23. Be6 Be5 24. Bb3 g4 25. Qe3 Bxg3 26. Rf1 Qe5 27. Qxe5 Bxe5
28. Rf5 Bd4+ 29. Kg2 Kg7 30. c3 bxc3 31. Nxc3 Rd8 32. hxg4 hxg4 33. Nd5 Bxb2
34. Kg3 Ne4+ 35. Kxg4 Nd6 36. Rg5+ Kf8 37. Rh5 f5+ 38. Kf3 Kg7 39. Nf4 Rd7 40.
Rg5+ Kf6 41. Rg6+ Ke7 42. Be6 Nf7 43. Bxd7 Ne5+ 44. Kg3 1/2-1/2

[Event "Mitropa Cup 18th"]
[Site "Portoroz"]
[Date "1998.??.??"]
[Round "4"]
[White "Plachetka, Jan"]
[Black "Zelcic, Robert"]
[Result "0-1"]
[WhiteElo "2400"]
[BlackElo "2585"]
[PlyCount "120"]
[EventDate "1998.07.??"]
[EventType "team-tourn"]
[EventRounds "9"]
[EventCountry "SLO"]
[Source "ChessBase"]
[SourceDate "1998.11.10"]

1. e4 c6 2. d4 d5 3. Nc3 dxe4 4. Nxe4 Nd7 5. Bd3 Ngf6 6. Ng5 e6 7. N1f3 Bd6 8.
Qe2 h6 9. Ne4 Nxe4 10. Qxe4 Nf6 11. Qh4 Ke7 12. Bf4 Bb4+ 13. Bd2 Bxd2+ 14. Kxd2
g5 15. Qg3 g4 16. Ne5 Qxd4 17. Kc1 h5 18. f4 h4 19. Qe1 Qxf4+ 20. Kb1 Rh5 21.
Nc4 Nd5 22. Rf1 Qxh2 23. Qf2 f5 24. Qd4 Rh7 25. Ne5 Qg3 26. Nxg4 Qxg4 27. Qxg4
fxg4 28. Bxh7 Ne3 29. Rg1 e5 30. Kc1 Bf5 31. Bxf5 Nxf5 32. Kd2 Rd8+ 33. Kc3 Ke6
34. Rae1 Rd4 35. b3 b5 36. a3 a5 37. Re2 b4+ 38. axb4 axb4+ 39. Kb2 Ng3 40. Re3
e4 41. Ra1 Rd2 42. Ra5 Rxg2 43. Rg5 h3 44. Rxg4 h2 45. Rh4 Kf5 46. Rxg3 Rxg3
47. Rxh2 Rg1 48. c3 bxc3+ 49. Kxc3 Rd1 50. Kc2 Rd6 51. Rh8 e3 52. Re8 Kf4 53.
b4 Kf3 54. Rf8+ Kg2 55. Rg8+ Kf2 56. Rf8+ Ke1 57. Re8 e2 58. Rf8 Rd2+ 59. Kc1
Rd4 60. Kc2 Rxb4 0-1

[Event "Mitropa Cup 18th"]
[Site "Portoroz"]
[Date "1998.??.??"]
[Round "4"]
[White "Votava, Jan"]
[Black "Pelletier, Yannick"]
[Result "1/2-1/2"]
[WhiteElo "2510"]
[BlackElo "2525"]
[PlyCount "98"]
[EventDate "1998.07.??"]
[EventType "team-tourn"]
[EventRounds "9"]
[EventCountry "SLO"]
[Source "ChessBase"]
[SourceDate "1998.11.10"]

1. e4 c5 2. Nf3 d6 3. d4 cxd4 4. Nxd4 Nf6 5. Nc3 Nc6 6. Bc4 Qb6 7. Nb3 e6 8.
Bf4 Ne5 9. Be2 Bd7 10. Be3 Qc7 11. Nb5 Bxb5 12. Bxb5+ Nc6 13. Qd4 Be7 14. f3
O-O 15. Bxc6 Qxc6 16. Qd3 a6 17. O-O Rac8 18. Nd4 Qc7 19. f4 Rfe8 20. Rac1 e5
21. Nf5 Qc6 22. Ng3 Bf8 23. c4 Ng4 24. Kh1 b5 25. b3 Qb7 26. f5 bxc4 27. bxc4
Qb2 28. Qd2 Rb8 29. h3 Qxd2 30. Bxd2 Nf6 31. Rc2 h6 32. Kg1 Be7 33. Kf2 Nd7 34.
Kf3 Rec8 35. Rfc1 Bd8 36. Nf1 Bb6 37. Ne3 Bxe3 38. Bxe3 Rb4 39. g4 Rc6 40. h4
f6 41. Rc3 Kf7 42. R3c2 Ra4 43. g5 hxg5 44. hxg5 fxg5 45. Bxg5 Nb6 46. c5 Rxc5
47. Rxc5 dxc5 48. Rxc5 Nd7 49. Rc7 Ke8 1/2-1/2

[Event "Mitropa Cup 18th"]
[Site "Portoroz"]
[Date "1998.??.??"]
[Round "4"]
[White "Weiss, Christian"]
[Black "Wilhelmi, Christian"]
[Result "1/2-1/2"]
[WhiteElo "2370"]
[BlackElo "2470"]
[PlyCount "162"]
[EventDate "1998.07.??"]
[EventType "team-tourn"]
[EventRounds "9"]
[EventCountry "SLO"]
[Source "ChessBase"]
[SourceDate "1998.11.10"]

1. Nf3 Nf6 2. d4 g6 3. g3 Bg7 4. Bg2 O-O 5. O-O d6 6. c4 Nc6 7. d5 Na5 8. Nfd2
c5 9. Na3 a6 10. e4 Rb8 11. h3 e6 12. Re1 Re8 13. dxe6 Bxe6 14. Rb1 Qd7 15. Kh2
b5 16. Bf1 Nc6 17. cxb5 axb5 18. Nxb5 Bxa2 19. Ra1 Nb4 20. Nc3 Be6 21. Nc4 d5
22. exd5 Nfxd5 23. Ne4 Qc7 24. Ra5 Bd4 25. Bh6 Rbd8 26. Qd2 Bf5 27. Ned6 Rxe1
28. Qxe1 Nd3 29. Bxd3 Bxd3 30. Nb5 Qe7 31. Qxe7 Nxe7 32. Nxd4 cxd4 33. Ne5 Be4
34. Bg5 Re8 35. Nd7 Nd5 36. Rxd5 Bxd5 37. Nf6+ Kf8 38. Nxd5 Re2 39. Kg2 Rxb2
40. Be7+ Ke8 41. Bf6 h5 42. Bxd4 Rd2 43. Nf6+ Ke7 44. Be3 Rc2 45. Ne4 Ke6 46.
Kf3 Ra2 47. Ng5+ Kf6 48. h4 Ra4 49. Ke2 Kg7 50. Kd3 Kg8 51. Bd4 Ra3+ 52. Kc4
Ra5 53. Ne4 Ra4+ 54. Kc5 Kf8 55. Kd5 Kg8 56. Ke5 Kg7 57. Nc5 Rb4 58. Kd5+ Kg8
59. Be5 Rb1 60. Kd6 Rf1 61. Ne4 Kf8 62. Bd4 Re1 63. Nf6 Re2 64. Kd5 Ra2 65. Ke4
Ra4 66. f3 Ke7 67. Nd5+ Kd6 68. Nc3 Rb4 69. g4 hxg4 70. fxg4 Ke6 71. Ne2 f6 72.
Nf4+ Kf7 73. Nd5 f5+ 74. gxf5 gxf5+ 75. Ke5 Rb5 76. h5 f4 77. Ke4 f3 78. Nf4
Rb4 79. Nh3 Kg8 80. Nf2 Kh7 81. Ng4 f2 1/2-1/2